[Event "ODJM B 2025"]
[Site "Willingen GER"]
[Date "2025.06.09"]
[Round "3"]
[White "Tryk, Paul-Luca"]
[Black "Stelter, Finja"]
[Result "1/2-1/2"]
[Termination "normal"]
[Board "47"]
[WhiteElo "1741"]
[BlackElo "1730"]
[WhiteClock "01:18:16"]
[BlackClock "00:09:25"]
[PlyCount "82"]
[WhiteFideId "34698515"]
[BlackFideId "16298624"]
[EventCountry "GER"]
[EventRounds "9"]
[EventType "swiss"]
[EventDate "2025.06.07"]

1. e4 {[%clk 01:30:58]} {[%emt 00:00:02]} c5 {[%clk 01:30:53]} {[%emt
00:00:08]} 2. Nf3 {[%clk 01:31:17]} {[%emt 00:00:11]} Nc6 {[%clk 01:30:49]}
{[%emt 00:00:34]} 3. Bb5 {[%clk 01:31:38]} {[%emt 00:00:08]} g6 {[%clk
01:30:48]} {[%emt 00:00:31]} 4. Bxc6 {[%clk 01:32:00]} {[%emt 00:00:09]} dxc6
{[%clk 01:31:00]} {[%emt 00:00:18]} 5. O-O {[%clk 01:31:56]} {[%emt 00:00:33]}
Bg7 {[%clk 01:30:45]} {[%emt 00:00:46]} 6. c3 {[%clk 01:32:15]} {[%emt
00:00:12]} Nf6 {[%clk 01:29:43]} {[%emt 00:01:32]} 7. e5 {[%clk 01:32:19]}
{[%emt 00:00:25]} Nd5 {[%clk 01:29:35]} {[%emt 00:00:39]} 8. d4 {[%clk
01:32:16]} {[%emt 00:00:32]} cxd4 {[%clk 01:28:34]} {[%emt 00:01:31]} 9. cxd4
{[%clk 01:32:37]} {[%emt 00:00:09]} O-O {[%clk 01:27:09]} {[%emt 00:01:55]} 10.
Nc3 {[%clk 01:31:48]} {[%emt 00:01:19]} f6 {[%clk 01:24:45]} {[%emt 00:02:55]}
11. Nxd5 {[%clk 01:30:21]} {[%emt 00:01:57]} Qxd5 {[%clk 01:22:18]} {[%emt
00:02:57]} 12. h3 {[%clk 01:30:06]} {[%emt 00:00:45]} fxe5 {[%clk 01:17:49]}
{[%emt 00:04:59]} 13. Nxe5 {[%clk 01:29:43]} {[%emt 00:00:54]} Bxe5 {[%clk
01:15:50]} {[%emt 00:02:30]} 14. dxe5 {[%clk 01:29:37]} {[%emt 00:00:35]} Qxe5
{[%clk 01:15:34]} {[%emt 00:00:45]} 15. Re1 {[%clk 01:29:44]} {[%emt 00:00:23]}
Qf6 {[%clk 01:14:47]} {[%emt 00:01:11]} 16. Qb3+ {[%clk 01:29:45]} {[%emt
00:00:36]} Kh8 {[%clk 01:10:43]} {[%emt 00:04:34]} 17. Qc3 {[%clk 01:27:35]}
{[%emt 00:02:40]} Qxc3 {[%clk 01:09:13]} {[%emt 00:02:00]} 18. bxc3 {[%clk
01:27:56]} {[%emt 00:00:08]} Rf7 {[%clk 01:08:09]} {[%emt 00:01:33]} 19. Bg5
{[%clk 01:27:50]} {[%emt 00:00:37]} e6 {[%clk 01:07:58]} {[%emt 00:00:41]} 20.
Rad1 {[%clk 01:26:53]} {[%emt 00:01:27]} Bd7 {[%clk 00:56:48]} {[%emt
00:11:38]} 21. Rd3 {[%clk 01:25:42]} {[%emt 00:01:43]} Re8 {[%clk 00:53:32]}
{[%emt 00:03:43]} 22. Red1 {[%clk 01:25:28]} {[%emt 00:00:47]} Bc8 {[%clk
00:53:26]} {[%emt 00:00:35]} 23. Rd8 {[%clk 01:25:31]} {[%emt 00:00:27]} Rff8
{[%clk 00:53:11]} {[%emt 00:00:36]} 24. Bf6+ {[%clk 01:25:19]} {[%emt
00:00:51]} Kg8 {[%clk 00:51:21]} {[%emt 00:02:21]} 25. Rxe8 {[%clk 01:25:05]}
{[%emt 00:00:44]} Rxe8 {[%clk 00:51:33]} {[%emt 00:00:18]} 26. f4 {[%clk
01:23:04]} {[%emt 00:02:31]} Kf7 {[%clk 00:50:38]} {[%emt 00:01:25]} 27. Be5
{[%clk 01:23:16]} {[%emt 00:00:17]} a6 {[%clk 00:48:44]} {[%emt 00:02:24]} 28.
Kf2 {[%clk 01:22:46]} {[%emt 00:01:00]} Rg8 {[%clk 00:43:22]} {[%emt 00:05:51]}
29. h4 {[%clk 01:22:44]} {[%emt 00:00:33]} h6 {[%clk 00:41:50]} {[%emt
00:02:01]} 30. Kf3 {[%clk 01:21:37]} {[%emt 00:01:36]} g5 {[%clk 00:37:41]}
{[%emt 00:04:40]} 31. hxg5 {[%clk 01:21:38]} {[%emt 00:00:29]} hxg5 {[%clk
00:37:48]} {[%emt 00:00:23]} 32. fxg5 {[%clk 01:21:03]} {[%emt 00:01:05]} Rxg5
{[%clk 00:37:51]} {[%emt 00:00:27]} 33. Bf4 {[%clk 01:21:12]} {[%emt 00:00:21]}
Rd5 {[%clk 00:35:04]} {[%emt 00:03:16]} 34. Rxd5 {[%clk 01:19:56]} {[%emt
00:01:49]} cxd5 {[%clk 00:33:12]} {[%emt 00:02:22]} 35. Be5 {[%clk 01:20:15]}
{[%emt 00:00:10]} Bd7 {[%clk 00:32:22]} {[%emt 00:01:20]} 36. g3 {[%clk
01:20:12]} {[%emt 00:00:33]} Kg6 {[%clk 00:28:11]} {[%emt 00:04:41]} 37. Kf4
{[%clk 01:18:39]} {[%emt 00:02:03]} Bb5 {[%clk 00:26:11]} {[%emt 00:02:29]} 38.
a3 {[%clk 01:18:45]} {[%emt 00:00:25]} Be2 {[%clk 00:24:01]} {[%emt 00:02:39]}
39. Bd4 {[%clk 01:18:08]} {[%emt 00:01:08]} Kf7 {[%clk 00:13:57]} {[%emt
00:10:31]} 40. g4 {[%clk 01:17:56]} {[%emt 00:00:46]} Kg6 {[%clk 00:13:21]}
{[%emt 00:01:05]} 41. g5 {[%clk 01:18:16]} {[%emt 00:00:10]} Bd3 {[%clk
00:09:25]} {[%emt 00:04:25]} 1/2-1/2

[Event "ODJM B 2025"]
[Site "Willingen GER"]
[Date "2025.06.09"]
[Round "3"]
[White "Peglau, Lorena"]
[Black "Junge, Julia Marie"]
[Result "0-1"]
[Termination "normal"]
[Board "48"]
[WhiteElo "1464"]
[BlackElo "1734"]
[WhiteClock "00:51:22"]
[BlackClock "00:27:35"]
[PlyCount "86"]
[WhiteFideId "16290542"]
[BlackFideId "16293908"]
[EventCountry "GER"]
[EventRounds "9"]
[EventType "swiss"]
[EventDate "2025.06.07"]

1. d4 {[%clk 01:30:58]} {[%emt 00:00:02]} Nf6 {[%clk 01:30:41]} {[%emt
00:00:18]} 2. c4 {[%clk 01:31:19]} {[%emt 00:00:09]} e6 {[%clk 01:30:50]}
{[%emt 00:00:21]} 3. Nf3 {[%clk 01:31:33]} {[%emt 00:00:16]} b6 {[%clk
01:30:58]} {[%emt 00:00:23]} 4. Bf4 {[%clk 01:31:16]} {[%emt 00:00:46]} Bb4+
{[%clk 01:31:11]} {[%emt 00:00:17]} 5. Nbd2 {[%clk 01:31:33]} {[%emt 00:00:14]}
Bb7 {[%clk 01:30:17]} {[%emt 00:01:24]} 6. a3 {[%clk 01:30:25]} {[%emt
00:01:37]} Be7 {[%clk 01:29:52]} {[%emt 00:00:55]} 7. e3 {[%clk 01:30:10]}
{[%emt 00:00:45]} O-O {[%clk 01:29:31]} {[%emt 00:00:51]} 8. Bd3 {[%clk
01:29:41]} {[%emt 00:01:00]} d5 {[%clk 01:27:51]} {[%emt 00:02:10]} 9. O-O
{[%clk 01:27:08]} {[%emt 00:03:03]} Nbd7 {[%clk 01:27:35]} {[%emt 00:00:45]}
10. Qc2 {[%clk 01:25:23]} {[%emt 00:02:15]} dxc4 {[%clk 01:25:59]} {[%emt
00:02:07]} 11. Qxc4 {[%clk 01:23:33]} {[%emt 00:02:19]} c5 {[%clk 01:24:27]}
{[%emt 00:02:03]} 12. Rfc1 {[%clk 01:20:39]} {[%emt 00:03:24]} Bd5 {[%clk
01:20:18]} {[%emt 00:04:38]} 13. Qc2 {[%clk 01:19:21]} {[%emt 00:01:48]} Rc8
{[%clk 01:16:54]} {[%emt 00:03:54]} 14. Qd1 {[%clk 01:19:08]} {[%emt 00:00:43]}
Bb7 {[%clk 01:00:58]} {[%emt 00:16:27]} 15. Qe2 {[%clk 01:15:37]} {[%emt
00:04:00]} Nd5 {[%clk 00:51:22]} {[%emt 00:10:05]} 16. Bg3 {[%clk 01:15:10]}
{[%emt 00:00:58]} h6 {[%clk 00:51:34]} {[%emt 00:00:18]} 17. Ba6 {[%clk
01:14:56]} {[%emt 00:00:44]} Bxa6 {[%clk 00:47:21]} {[%emt 00:04:44]} 18. Qxa6
{[%clk 01:15:18]} {[%emt 00:00:08]} Ra8 {[%clk 00:47:22]} {[%emt 00:00:29]} 19.
Qb7 {[%clk 01:10:46]} {[%emt 00:05:02]} Qc8 {[%clk 00:47:37]} {[%emt 00:00:15]}
20. Qxc8 {[%clk 01:11:00]} {[%emt 00:00:16]} Rfxc8 {[%clk 00:47:57]} {[%emt
00:00:09]} 21. h3 {[%clk 01:09:27]} {[%emt 00:02:03]} b5 {[%clk 00:45:23]}
{[%emt 00:03:04]} 22. e4 {[%clk 01:05:20]} {[%emt 00:04:37]} N5b6 {[%clk
00:44:13]} {[%emt 00:01:41]} 23. Rab1 {[%clk 01:02:10]} {[%emt 00:03:41]} a5
{[%clk 00:39:30]} {[%emt 00:05:12]} 24. dxc5 {[%clk 00:59:42]} {[%emt
00:02:57]} Nxc5 {[%clk 00:36:09]} {[%emt 00:03:51]} 25. Rd1 {[%clk 00:54:53]}
{[%emt 00:05:19]} f6 {[%clk 00:30:12]} {[%emt 00:06:27]} 26. Nd4 {[%clk
00:54:21]} {[%emt 00:01:01]} b4 {[%clk 00:30:14]} {[%emt 00:00:29]} 27. axb4
{[%clk 00:53:53]} {[%emt 00:00:58]} axb4 {[%clk 00:30:34]} {[%emt 00:00:10]}
28. Ra1 {[%clk 00:52:50]} {[%emt 00:01:34]} Nba4 {[%clk 00:29:00]} {[%emt
00:02:04]} 29. b3 {[%clk 00:52:22]} {[%emt 00:00:57]} Nc3 {[%clk 00:29:14]}
{[%emt 00:00:16]} 30. Re1 {[%clk 00:52:15]} {[%emt 00:00:36]} Nd3 {[%clk
00:29:06]} {[%emt 00:00:38]} 31. Rf1 {[%clk 00:50:10]} {[%emt 00:02:35]} e5
{[%clk 00:27:42]} {[%emt 00:01:55]} 32. N4f3 {[%clk 00:49:43]} {[%emt
00:00:57]} Bc5 {[%clk 00:26:57]} {[%emt 00:01:15]} 33. Ne1 {[%clk 00:49:09]}
{[%emt 00:01:04]} Rxa1 {[%clk 00:27:12]} {[%emt 00:00:15]} 34. Nxd3 {[%clk
00:49:24]} {[%emt 00:00:14]} Ne2+ {[%clk 00:27:22]} {[%emt 00:00:21]} 35. Kh2
{[%clk 00:49:35]} {[%emt 00:00:18]} Rxf1 {[%clk 00:27:44]} {[%emt 00:00:08]}
36. Nxf1 {[%clk 00:49:56]} {[%emt 00:00:09]} Nxg3 {[%clk 00:28:05]} {[%emt
00:00:09]} 37. Nxg3 {[%clk 00:50:15]} {[%emt 00:00:11]} Bf8 {[%clk 00:27:36]}
{[%emt 00:01:00]} 38. Nf5 {[%clk 00:50:30]} {[%emt 00:00:14]} Rc3 {[%clk
00:27:51]} {[%emt 00:00:15]} 39. Ne1 {[%clk 00:50:35]} {[%emt 00:00:25]} Rxb3
{[%clk 00:28:07]} {[%emt 00:00:15]} 40. Nc2 {[%clk 00:50:50]} {[%emt 00:00:15]}
Rb2 {[%clk 00:28:26]} {[%emt 00:00:12]} 41. Nce3 {[%clk 00:51:05]} {[%emt
00:00:14]} Rxf2 {[%clk 00:27:40]} {[%emt 00:01:16]} 42. Nc4 {[%clk 00:51:15]}
{[%emt 00:00:19]} b3 {[%clk 00:27:32]} {[%emt 00:00:39]} 43. Nfe3 {[%clk
00:51:22]} {[%emt 00:00:23]} b2 {[%clk 00:27:35]} {[%emt 00:00:27]} 0-1

[Event "ODJM B 2025"]
[Site "Willingen GER"]
[Date "2025.06.09"]
[Round "3"]
[White "Kautny, Fabian"]
[Black "Hantke, Karl"]
[Result "1-0"]
[Termination "normal"]
[Board "49"]
[WhiteElo "1818"]
[BlackElo "1666"]
[WhiteClock "01:15:26"]
[BlackClock "01:13:36"]
[PlyCount "41"]
[WhiteFideId "34657193"]
[BlackFideId "34640827"]
[EventCountry "GER"]
[EventRounds "9"]
[EventType "swiss"]
[EventDate "2025.06.07"]

1. e4 {[%clk 01:30:58]} {[%emt 00:00:02]} c5 {[%clk 01:30:57]} {[%emt
00:00:04]} 2. Nc3 {[%clk 01:31:26]} {[%emt 00:00:02]} Nc6 {[%clk 01:30:57]}
{[%emt 00:00:29]} 3. f4 {[%clk 01:31:53]} {[%emt 00:00:04]} e6 {[%clk
01:30:50]} {[%emt 00:00:36]} 4. Nf3 {[%clk 01:32:16]} {[%emt 00:00:07]} Nge7
{[%clk 01:30:02]} {[%emt 00:01:18]} 5. Bb5 {[%clk 01:31:29]} {[%emt 00:01:18]}
a6 {[%clk 01:29:24]} {[%emt 00:01:08]} 6. Bxc6 {[%clk 01:31:54]} {[%emt
00:00:04]} bxc6 {[%clk 01:29:06]} {[%emt 00:00:49]} 7. O-O {[%clk 01:32:14]}
{[%emt 00:00:10]} d5 {[%clk 01:29:15]} {[%emt 00:00:21]} 8. d3 {[%clk
01:32:32]} {[%emt 00:00:12]} g6 {[%clk 01:28:49]} {[%emt 00:00:56]} 9. Qe1
{[%clk 01:30:03]} {[%emt 00:02:59]} Bg7 {[%clk 01:28:22]} {[%emt 00:00:57]} 10.
Kh1 {[%clk 01:28:37]} {[%emt 00:01:56]} O-O {[%clk 01:26:36]} {[%emt 00:02:16]}
11. g4 {[%clk 01:26:48]} {[%emt 00:02:19]} f5 {[%clk 01:21:42]} {[%emt
00:05:24]} 12. gxf5 {[%clk 01:26:49]} {[%emt 00:00:29]} exf5 {[%clk 01:20:52]}
{[%emt 00:01:20]} 13. e5 {[%clk 01:27:16]} {[%emt 00:00:03]} Be6 {[%clk
01:16:50]} {[%emt 00:04:31]} 14. Na4 {[%clk 01:19:53]} {[%emt 00:07:53]} c4
{[%clk 01:14:35]} {[%emt 00:02:46]} 15. Nc5 {[%clk 01:18:51]} {[%emt 00:01:32]}
Qc8 {[%clk 01:14:01]} {[%emt 00:01:04]} 16. Qh4 {[%clk 01:15:05]} {[%emt
00:04:16]} Ra7 {[%clk 01:13:58]} {[%emt 00:00:33]} 17. Ng5 {[%clk 01:15:28]}
{[%emt 00:00:06]} h5 {[%clk 01:13:11]} {[%emt 00:01:18]} 18. Ngxe6 {[%clk
01:15:46]} {[%emt 00:00:11]} Re8 {[%clk 01:12:59]} {[%emt 00:00:42]} 19. Nxg7
{[%clk 01:15:39]} {[%emt 00:00:38]} Kxg7 {[%clk 01:13:21]} {[%emt 00:00:06]}
20. Qf6+ {[%clk 01:15:52]} {[%emt 00:00:18]} Kh7 {[%clk 01:13:36]} {[%emt
00:00:15]} 21. Rg1 {[%clk 01:15:26]} {[%emt 00:00:57]} 1-0

[Event "ODJM B 2025"]
[Site "Willingen GER"]
[Date "2025.06.09"]
[Round "3"]
[White "Hoffmann, Sophia"]
[Black "Yüksel, Aran"]
[Result "1/2-1/2"]
[Termination "normal"]
[Board "50"]
[WhiteElo "1664"]
[BlackElo "1531"]
[WhiteClock "00:43:42"]
[BlackClock "00:52:15"]
[PlyCount "40"]
[WhiteFideId "16259130"]
[BlackFideId "16297024"]
[EventCountry "GER"]
[EventRounds "9"]
[EventType "swiss"]
[EventDate "2025.06.07"]

1. d4 {[%clk 01:30:49]} {[%emt 00:00:11]} Nf6 {[%clk 01:31:26]} {[%emt
00:00:04]} 2. Bf4 {[%clk 01:31:14]} {[%emt 00:00:06]} d5 {[%clk 01:31:29]}
{[%emt 00:00:27]} 3. e3 {[%clk 01:31:34]} {[%emt 00:00:09]} Bf5 {[%clk
01:31:51]} {[%emt 00:00:08]} 4. Nd2 {[%clk 01:30:44]} {[%emt 00:01:21]} e6
{[%clk 01:32:11]} {[%emt 00:00:09]} 5. c4 {[%clk 01:30:21]} {[%emt 00:00:53]}
Be7 {[%clk 01:27:11]} {[%emt 00:05:31]} 6. h3 {[%clk 01:25:33]} {[%emt
00:05:18]} h5 {[%clk 01:16:59]} {[%emt 00:10:41]} 7. Be2 {[%clk 01:19:37]}
{[%emt 00:06:25]} Bd6 {[%clk 01:16:16]} {[%emt 00:01:14]} 8. Bxd6 {[%clk
01:14:50]} {[%emt 00:05:17]} Qxd6 {[%clk 01:16:14]} {[%emt 00:00:33]} 9. c5
{[%clk 01:13:06]} {[%emt 00:02:13]} Qe7 {[%clk 01:16:20]} {[%emt 00:00:24]} 10.
f4 {[%clk 01:07:51]} {[%emt 00:05:45]} Nc6 {[%clk 01:13:53]} {[%emt 00:02:58]}
11. Ngf3 {[%clk 01:03:20]} {[%emt 00:05:00]} h4 {[%clk 01:07:18]} {[%emt
00:07:05]} 12. Bb5 {[%clk 00:57:34]} {[%emt 00:06:16]} Nd7 {[%clk 01:04:09]}
{[%emt 00:03:39]} 13. Qa4 {[%clk 00:56:06]} {[%emt 00:01:57]} Nd8 {[%clk
01:00:54]} {[%emt 00:03:46]} 14. c6 {[%clk 00:53:20]} {[%emt 00:03:16]} bxc6
{[%clk 00:56:13]} {[%emt 00:05:30]} 15. Bxc6 {[%clk 00:53:05]} {[%emt
00:00:45]} Nxc6 {[%clk 00:56:00]} {[%emt 00:00:43]} 16. Qxc6 {[%clk 00:53:20]}
{[%emt 00:00:14]} O-O {[%clk 00:53:43]} {[%emt 00:02:48]} 17. Qxc7 {[%clk
00:52:20]} {[%emt 00:01:31]} Rfc8 {[%clk 00:54:08]} {[%emt 00:00:05]} 18. Qb7
{[%clk 00:50:38]} {[%emt 00:02:11]} Qd8 {[%clk 00:52:33]} {[%emt 00:02:05]} 19.
O-O {[%clk 00:43:42]} {[%emt 00:07:26]} Rcb8 {[%clk 00:52:30]} {[%emt
00:00:33]} 20. Qc6 {[%emt 00:02:10]} Rxb2 {[%clk 00:52:15]} {[%emt 00:00:43]}
1/2-1/2

[Event "ODJM B 2025"]
[Site "Willingen GER"]
[Date "2025.06.09"]
[Round "3"]
[White "Hildebrand, Azat"]
[Black "Stepanjan, Tatevik Mia"]
[Result "0-1"]
[Termination "normal"]
[Board "51"]
[WhiteElo "1602"]
[BlackElo "1604"]
[WhiteClock "00:38:33"]
[BlackClock "00:29:53"]
[PlyCount "100"]
[WhiteFideId "34607536"]
[BlackFideId "16246128"]
[EventCountry "GER"]
[EventRounds "9"]
[EventType "swiss"]
[EventDate "2025.06.07"]

1. e4 {[%clk 01:30:57]} {[%emt 00:00:02]} c5 {[%clk 01:30:55]} {[%emt
00:00:05]} 2. Nf3 {[%clk 01:31:21]} {[%emt 00:00:06]} e6 {[%clk 01:31:15]}
{[%emt 00:00:11]} 3. c3 {[%clk 01:31:45]} {[%emt 00:00:06]} Nc6 {[%clk
01:31:34]} {[%emt 00:00:11]} 4. d4 {[%clk 01:32:05]} {[%emt 00:00:10]} d5
{[%clk 01:31:56]} {[%emt 00:00:08]} 5. e5 {[%clk 01:32:22]} {[%emt 00:00:13]}
Qb6 {[%clk 01:31:05]} {[%emt 00:01:20]} 6. Be2 {[%clk 01:32:23]} {[%emt
00:00:29]} cxd4 {[%clk 01:28:16]} {[%emt 00:03:19]} 7. cxd4 {[%clk 01:32:21]}
{[%emt 00:00:32]} Bb4+ {[%clk 01:25:14]} {[%emt 00:03:33]} 8. Nc3 {[%clk
01:32:36]} {[%emt 00:00:15]} Nge7 {[%clk 01:16:57]} {[%emt 00:08:46]} 9. a3
{[%clk 01:32:41]} {[%emt 00:00:26]} Bxc3+ {[%clk 01:11:55]} {[%emt 00:05:32]}
10. bxc3 {[%clk 01:32:58]} {[%emt 00:00:13]} Nf5 {[%clk 01:08:10]} {[%emt
00:04:15]} 11. g4 {[%clk 01:33:09]} {[%emt 00:00:18]} Nfe7 {[%clk 01:05:32]}
{[%emt 00:03:08]} 12. Bd3 {[%clk 01:24:13]} {[%emt 00:09:25]} Qc7 {[%clk
01:01:09]} {[%emt 00:04:54]} 13. Qc2 {[%clk 01:19:42]} {[%emt 00:05:01]} h6
{[%clk 00:58:00]} {[%emt 00:03:39]} 14. Bb2 {[%clk 01:18:18]} {[%emt 00:01:55]}
b6 {[%clk 00:53:14]} {[%emt 00:05:16]} 15. h4 {[%clk 01:11:51]} {[%emt
00:06:57]} g6 {[%clk 00:47:38]} {[%emt 00:06:06]} 16. h5 {[%clk 01:08:04]}
{[%emt 00:04:16]} g5 {[%clk 00:39:46]} {[%emt 00:08:21]} 17. Qd2 {[%clk
01:02:51]} {[%emt 00:05:44]} Bb7 {[%clk 00:35:28]} {[%emt 00:04:48]} 18. Nxg5
{[%clk 00:57:37]} {[%emt 00:05:44]} Nxe5 {[%clk 00:28:21]} {[%emt 00:07:37]}
19. Bb5+ {[%clk 00:48:09]} {[%emt 00:09:59]} Bc6 {[%clk 00:17:25]} {[%emt
00:11:26]} 20. Bxc6+ {[%emt 00:01:44]} N7xc6 {[%clk 00:16:20]} {[%emt
00:01:33]} 21. Nxe6 {[%clk 00:46:30]} {[%emt 00:00:56]} fxe6 {[%clk 00:14:38]}
{[%emt 00:02:13]} 22. dxe5 {[%clk 00:46:36]} {[%emt 00:00:23]} Qxe5+ {[%clk
00:14:18]} {[%emt 00:00:50]} 23. Kf1 {[%clk 00:42:49]} {[%emt 00:04:17]} Qe4
{[%clk 00:13:21]} {[%emt 00:01:27]} 24. Rg1 {[%clk 00:39:36]} {[%emt 00:03:43]}
Ne5 {[%clk 00:07:29]} {[%emt 00:06:22]} 25. Qe2 {[%clk 00:37:58]} {[%emt
00:02:09]} Rg8 {[%clk 00:03:34]} {[%emt 00:04:24]} 26. Qxe4 {[%clk 00:19:45]}
{[%emt 00:18:43]} dxe4 {[%clk 00:03:46]} {[%emt 00:00:18]} 27. Re1 {[%clk
00:18:33]} {[%emt 00:01:42]} Nf3 {[%clk 00:03:42]} {[%emt 00:00:35]} 28. Ke2
{[%clk 00:17:39]} {[%emt 00:01:23]} Nxg1+ {[%clk 00:03:54]} {[%emt 00:00:18]}
29. Rxg1 {[%clk 00:18:06]} {[%emt 00:00:04]} Rc8 {[%clk 00:02:13]} {[%emt
00:02:11]} 30. Kd2 {[%clk 00:15:21]} {[%emt 00:03:15]} Rc4 {[%clk 00:02:17]}
{[%emt 00:00:25]} 31. Kc2 {[%clk 00:14:23]} {[%emt 00:01:28]} e3 {[%clk
00:01:39]} {[%emt 00:01:08]} 32. fxe3 {[%clk 00:13:30]} {[%emt 00:01:24]} Rcxg4
{[%clk 00:01:51]} {[%emt 00:00:18]} 33. Rf1 {[%clk 00:13:21]} {[%emt 00:00:39]}
Rg2+ {[%clk 00:01:48]} {[%emt 00:00:32]} 34. Kb3 {[%clk 00:13:27]} {[%emt
00:00:23]} Rf8 {[%clk 00:01:53]} {[%emt 00:00:25]} 35. Rd1 {[%clk 00:11:37]}
{[%emt 00:02:21]} Rff2 {[%clk 00:02:12]} {[%emt 00:00:11]} 36. Bc1 {[%clk
00:11:53]} {[%emt 00:00:14]} Rf5 {[%clk 00:01:33]} {[%emt 00:01:10]} 37. Rd6
{[%clk 00:09:07]} {[%emt 00:03:16]} Ke7 {[%clk 00:01:46]} {[%emt 00:00:17]} 38.
Rc6 {[%clk 00:08:47]} {[%emt 00:00:50]} Kd7 {[%clk 00:02:12]} {[%emt 00:00:04]}
39. Rc4 {[%clk 00:09:02]} {[%emt 00:00:14]} Rb5+ {[%clk 00:01:58]} {[%emt
00:00:44]} 40. Rb4 {[%clk 00:07:03]} {[%emt 00:02:30]} Rxb4+ {[%clk 00:01:47]}
{[%emt 00:00:40]} 41. cxb4 {[%clk 00:07:12]} {[%emt 00:00:21]} Rg5 {[%clk
00:01:42]} {[%emt 00:00:34]} 42. a4 {[%clk 00:07:10]} {[%emt 00:00:33]} Rxh5
{[%clk 00:02:02]} {[%emt 00:00:09]} 43. Kc3 {[%clk 00:07:06]} {[%emt 00:00:35]}
Rf5 {[%clk 00:00:43]} {[%emt 00:01:48]} 44. e4 {[%clk 00:07:16]} {[%emt
00:00:22]} Rf3+ {[%clk 00:01:07]} {[%emt 00:00:05]} 45. Kd4 {[%clk 00:07:22]}
{[%emt 00:00:23]} h5 {[%clk 00:01:19]} {[%emt 00:00:18]} 46. Be3 {[%clk
00:07:31]} {[%emt 00:00:21]} h4 {[%clk 00:28:57]} {[%emt 00:02:52]} 47. e5
{[%clk 00:37:43]} {[%emt 00:00:19]} h3 {[%clk 00:28:53]} {[%emt 00:00:34]} 48.
Bg1 {[%clk 00:37:52]} {[%emt 00:00:20]} Rg3 {[%clk 00:29:03]} {[%emt 00:00:21]}
49. Bh2 {[%clk 00:38:10]} {[%emt 00:00:12]} Rg2 {[%clk 00:29:28]} {[%emt
00:00:04]} 50. Bf4 {[%clk 00:38:33]} {[%emt 00:00:08]} h2 {[%clk 00:29:53]}
{[%emt 00:00:04]} 0-1

[Event "ODJM B 2025"]
[Site "Willingen GER"]
[Date "2025.06.09"]
[Round "3"]
[White "von Gehlen, Samuel"]
[Black "Rotärmel, Leonie"]
[Result "1/2-1/2"]
[Termination "normal"]
[Board "52"]
[WhiteElo "1533"]
[BlackElo "1699"]
[WhiteClock "01:13:25"]
[BlackClock "00:07:08"]
[PlyCount "47"]
[WhiteFideId "34651551"]
[BlackFideId "16281390"]
[EventCountry "GER"]
[EventRounds "9"]
[EventType "swiss"]
[EventDate "2025.06.07"]

1. e4 {[%clk 01:30:26]} {[%emt 00:00:33]} e6 {[%clk 01:30:59]} {[%emt
00:00:02]} 2. d4 {[%clk 01:30:37]} {[%emt 00:00:20]} d5 {[%clk 01:31:27]}
{[%emt 00:00:01]} 3. exd5 {[%clk 01:30:48]} {[%emt 00:00:19]} exd5 {[%clk
01:31:55]} {[%emt 00:00:01]} 4. c4 {[%clk 01:31:07]} {[%emt 00:00:12]} Nf6
{[%clk 01:31:25]} {[%emt 00:01:00]} 5. Nc3 {[%clk 01:28:08]} {[%emt 00:03:28]}
Be7 {[%clk 01:27:59]} {[%emt 00:03:57]} 6. Nf3 {[%clk 01:28:22]} {[%emt
00:00:16]} c6 {[%clk 01:25:41]} {[%emt 00:02:48]} 7. Bd3 {[%clk 01:27:37]}
{[%emt 00:01:15]} h6 {[%clk 01:16:38]} {[%emt 00:09:34]} 8. h3 {[%clk
01:27:22]} {[%emt 00:00:44]} Be6 {[%clk 01:16:54]} {[%emt 00:00:14]} 9. c5
{[%clk 01:27:29]} {[%emt 00:00:23]} Nbd7 {[%clk 01:12:09]} {[%emt 00:05:15]}
10. O-O {[%clk 01:27:37]} {[%emt 00:00:22]} O-O {[%clk 01:10:36]} {[%emt
00:02:03]} 11. Bf4 {[%clk 01:26:28]} {[%emt 00:01:39]} Qc8 {[%clk 00:55:14]}
{[%emt 00:15:51]} 12. Ne5 {[%clk 01:24:54]} {[%emt 00:02:05]} Nxe5 {[%clk
00:46:31]} {[%emt 00:09:12]} 13. Bxe5 {[%clk 01:23:06]} {[%emt 00:02:18]} b6
{[%clk 00:33:19]} {[%emt 00:13:43]} 14. Na4 {[%clk 01:21:03]} {[%emt 00:02:33]}
Nd7 {[%clk 00:32:01]} {[%emt 00:01:48]} 15. cxb6 {[%clk 01:20:40]} {[%emt
00:00:53]} axb6 {[%clk 00:30:23]} {[%emt 00:02:08]} 16. Bf4 {[%clk 01:19:24]}
{[%emt 00:01:45]} Bf6 {[%clk 00:20:57]} {[%emt 00:09:57]} 17. Rc1 {[%clk
01:14:11]} {[%emt 00:05:42]} Bxd4 {[%clk 00:18:11]} {[%emt 00:03:17]} 18. Bb5
{[%clk 01:14:21]} {[%emt 00:00:20]} c5 {[%clk 00:16:26]} {[%emt 00:02:14]} 19.
Bxd7 {[%clk 01:14:14]} {[%emt 00:00:37]} Qxd7 {[%clk 00:15:03]} {[%emt
00:01:53]} 20. Nxb6 {[%clk 01:14:31]} {[%emt 00:00:12]} Qb5 {[%clk 00:14:49]}
{[%emt 00:00:45]} 21. Nxa8 {[%clk 01:14:31]} {[%emt 00:00:30]} Rxa8 {[%clk
00:15:18]} {[%emt 00:00:02]} 22. Qb3 {[%clk 01:14:03]} {[%emt 00:00:58]} Qxb3
{[%clk 00:14:00]} {[%emt 00:01:48]} 23. axb3 {[%clk 01:14:26]} {[%emt
00:00:07]} Ra6 {[%clk 00:07:08]} {[%emt 00:07:22]} 24. Be3 {[%clk 01:13:25]}
1/2-1/2